'United Nations' in UN Official Languages Quiz Stats

 Plays Quiz Updated Jul 29, 2019

Score 0/6 Timer 00:15
1 Play Today
% Correct
Chinese
90.7%
Arabic
90%
English
90%
Russian
88.1%
Spanish
85.8%
French
81.5%

You're not logged in!

Compare scores with friends on all Sporcle quizzes.
OR
Log In

Show Comments

Extras

Top Quizzes Today


Score Distribution

Your Account Isn't Verified!

In order to create a playlist on Sporcle, you need to verify the email address you used during registration. Go to your Sporcle Settings to finish the process.

Report this User

Report this user for behavior that violates our Community Guidelines.

Details: